00419nam a22001577a 450000500170000001000150001702000260003203500140005803700130007208200060008510000190009124500370011026000380014727000550018530000210024020220721114901.0 aENG-133771 a9789381588956c135.00 aEN-117303 bDBAD/PUB aS aVohra, Manish aThe Perceptionist/cManish Vohra aNew DelhibV & S Publishersc2013 aF-2/16, Ansari Road, DariyaganjbNew Delhie110002 a104p.c21cm(pbk)